| 000 | 00784nam a2200205 a 4500 | ||
|---|---|---|---|
| 001 | 000033148 | ||
| 003 | OSt | ||
| 005 | 20201014152827.0 | ||
| 008 | 110818s19uu dr c r 000 0 spa d | ||
| 040 |
_aDO-SdBNP _bspa _cBNPHU |
||
| 082 | 4 |
_aR 382.025 _bD598e |
|
| 245 | 0 | 0 | _aDirectorio de exportadores, importadores é industriales de la República Dominicana. |
| 260 |
_aCiudad Trujillo, República Dominicana : _bImprenta Listín Diario, _c[19--?]. |
||
| 300 |
_a[84 p.] : _bretr. ; _c21 cm. |
||
| 500 | _aEn la cubierta: Negociado de Comercio Exterior. Secretaria de Estado de Relaciones Exteriores. | ||
| 590 | _aInventariado, 2018/ YL | ||
| 650 | 4 |
_aRepública Dominicana _xComercio exterior _vDirectorios _976887 |
|
| 910 | _aValidado. Control de calidad MFF | ||
| 942 |
_2ddc _cLF1 |
||
| 999 |
_c32639 _d32639 |
||